Organizational Behaviour (Record no. 10869)
[ view plain ]
| 000 -LEADER | |
|---|---|
| fixed length control field | 00335nam a2200133Ia 4500 |
| 008 - FIXED-LENGTH DATA ELEMENTS--GENERAL INFORMATION | |
| fixed length control field | 191201s2019 xx 000 0 und d |
| 100 ## - MAIN ENTRY--PERSONAL NAME | |
| Personal name | ROBBINS, Stephen |
| 245 #0 - TITLE STATEMENT | |
| Title | Organizational Behaviour |
| 250 ## - EDITION STATEMENT | |
| Edition statement | 7th |
| 260 ## - PUBLICATION, DISTRIBUTION, ETC. (IMPRINT) | |
| Name of publisher, distributor, etc | Pearsons |
| Date of publication, distribution, etc | 2021 |
| Place of publication, distribution, etc | New Delhi |
| 300 ## - PHYSICAL DESCRIPTION | |
| Extent | 739 |
| 650 ## - SUBJECT ADDED ENTRY--TOPICAL TERM | |
| Topical term or geographic name as entry element | Bachelor of Mass Communication |
| 942 ## - ADDED ENTRY ELEMENTS (KOHA) | |
| Source of classification or shelving scheme | Dewey Decimal Classification |
| Koha item type | Text Books |
| Withdrawn status | Lost status | Source of classification or shelving scheme | Damaged status | Not for loan | Collection code | Home library | Current library | Date acquired | Source of acquisition | Currency | Cost, normal purchase price | Bill Number | Total Checkouts | Acc. no. / Barcode | Date last seen | Actual Cost, discounted price | Bill Date | Koha item type |
|---|---|---|---|---|---|---|---|---|---|---|---|---|---|---|---|---|---|---|
| Dewey Decimal Classification | Bachelor Of Mass Communication | PIET NCR College Library | PIET NCR College Library | 01/09/2021 | Kirti Prakashan | IN Rupees | 949.00 | IN2432 | N1969 | 03/09/2021 | 645.32 | 01/09/2021 | Text Books | |||||
| Dewey Decimal Classification | Bachelor Of Mass Communication | PIET NCR College Library | PIET NCR College Library | 01/09/2021 | Kirti Prakashan | IN Rupees | 949.00 | IN2432 | N1970 | 03/09/2021 | 645.32 | 01/09/2021 | Reference Books |